=LDR 00000nam 2200000 4500 =001 INLIS000000000015764 =005 20200527015306 =035 ##$$a 0010-061300000015764 =008 200527################g##########0#ind## =041 ##$$a Ind =082 ##$$a 2x4.156 =090 ##$$a 2x4.156, mut R =100 1#$$a Muthawwi, Ali Muhamad =245 1#$$a Rahasia Kabah dan Sains Modern, Tuntunan Ibadah Haji dan Umrah, /$c Dr.Ali Muhammad Muthawwi =260 ##$$a Bandung :$b Trigenda Karya,$c 1994 =300 ##$$a 154 hlm, : $b Ilus. ; $c 14 x 21 cm =650 #4$$a Fiqih Islam-Rahasia Ibadah =850 ##$$a NBPNMAT =084 ##$$a 2x4.156 MUT r =250 ##$$a cet.3 =020 ##$$a 979-8422-35-x =990 ##$$a 141.514/Pro-99 =990 ##$$a 131.512/pro98 =990 ##$$a 141.512/pro99 =990 ##$$a 00036255 =990 ##$$a 141.513/pro99 =990 ##$$a 104.327/pro96 =990 ##$$a 104.326/pro99 =990 ##$$a 141.513/pro99 =990 ##$$a 141.514/Pro-99 =990 ##$$a 131.512/pro98 =990 ##$$a 141.512/pro99 =990 ##$$a 00036255 =990 ##$$a 104.327/pro96 =990 ##$$a 104.326/pro99